Big Ten College Football Teams - Statistics

General Stats
  • This quiz has been taken 11 times
  • The average score is 15 of 18
Answer Stats
School % Correct
Michigan
100%
Michigan State
100%
Ohio State
100%
Indiana
83%
Iowa
83%
Maryland
83%
Minnesota
83%
Oregon
83%
Penn State
83%
Rutgers
83%
UCLA
83%
USC
83%
Washington
83%
Illinois
67%
Nebraska
67%
Northwestern
67%
Purdue
67%
Wisconsin
67%
No matching quizzes found
Score Distribution
Percent of People with Each Score
Percentile by Number Answered
Your Score History
You have not taken this quiz